00298nam a2200121Ia 4500008004100000041000800041082001500049100001300064245003700077260003900114300001600153365000700169240624s9999 xx 000 0 und d aeng a005.74 DAT aDATE C J aINTRODUCTION TO DATABASE SYSTEMS c2003aNew DelhibPearson Education axxii, : 938 cRS